000 00481nam a2200145 4500
082 _aPhD-IT ZAH
100 _aZahra Ali
_9106842
245 _aSocial Networking for Sharing Cloud Resources
260 _aIslamabad
_bNust School of Electrical Engineering and Computer Science
_c2013
300 _a126 P
_eCD_ROM
500 _aSupervisor;Dr.Peter Bloodsworth
700 _aZahra Ali
_9106842
856 _uhttp://10.250.8.41:8080/xmlui/handle/123456789/32214
942 _cPR
_2ddc
999 _c12237
_d12237